A directory of libraries in Malaysia / (Record no. 123487)

MARC details
000 -LEADER
fixed length control field 00691nam a22002297a 4500
005 - DATE AND TIME OF LATEST TRANSACTION
control field 20170124105926.0
010 ## - LIBRARY OF CONGRESS CONTROL NUMBER
LC control number 386886
020 ## - INTERNATIONAL STANDARD BOOK NUMBER
Terms of availability 00.00
035 ## - SYSTEM CONTROL NUMBER
System control number 386886
037 ## - SOURCE OF ACQUISITION
Source of stock number/acquisition Cen Lib/Ret
040 ## - CATALOGING SOURCE
Original cataloging agency DPL
Language of cataloging EN
082 ## - DEWEY DECIMAL CLASSIFICATION NUMBER
Classification number 027.0991
Item number KEE
245 ## - TITLE STATEMENT
Title A directory of libraries in Malaysia /
Statement of responsibility, etc Compiled by Kent H. Keeth
260 ## - PUBLICATION, DISTRIBUTION, ETC. (IMPRINT)
Place of publication, distribution, etc Kuala Lumpur
Name of publisher, distributor, etc University of Malaya libraries
Date of publication, distribution, etc 1965
270 ## - ADDRESS
Address Kuala Lumpur
City Kuala Lumpur
300 ## - PHYSICAL DESCRIPTION
Extent 163p.
Dimensions 21cm(Hb)
500 ## - GENERAL NOTE
General note Includes appendix
650 ## - SUBJECT ADDED ENTRY--TOPICAL TERM
Topical term or geographic name as entry element Library science
9 (RLIN) 105355
650 ## - SUBJECT ADDED ENTRY--TOPICAL TERM
Topical term or geographic name as entry element Libraries development - Malaysia
9 (RLIN) 105356
700 ## - ADDED ENTRY--PERSONAL NAME
Personal name Keeth, Kent H.
9 (RLIN) 105357
942 ## - ADDED ENTRY ELEMENTS (KOHA)
Source of classification or shelving scheme Dewey Decimal Classification
Koha item type English Books
Classification part 027.0991
Call number suffix DIR
Holdings
Withdrawn status Lost status Damaged status Not for loan Collection code Home library Current library Date acquired Source of acquisition Cost, normal purchase price Total Checkouts Full call number Barcode Date last seen Copy number Cost, replacement price Price effective from Koha item type
      Not For Loan Reference Central Library Central Library 06/06/2015 Cen Lib/Ret 0.00   027.0991 DIR 386886 06/06/2015 1 0.00 06/06/2015 English Books

© Delhi Public Library
Hit Counter
free hit counter